Quick Pick: Spotify Genre Quiz Stats

 Plays Quiz Updated Aug 30, 2017

     
Support Sporcle.
Go Orange.
Score 0/10 Timer 01:30
0 Plays Today
% Correct
Frat Rock
81%
Old Timey
70.8%
Anti-folk
70.2%
Sophista-pop
66.8%
Cowpunk
63.2%
Mystical Minimalism
60.4%
Atonal
51.7%
Turntablism
50%
Oi!
40%
Test Disc
37.9%

Today's Daily Dose

Missing Word
2015 Emmys

Quick Pick
Blood Vessels

Get the Picture
TV Teachers' Quotes

From the Vault

NHL Top 25 Active Goal Scorers

by whodeyreds90

Sports 7m
We won't name any names, but some goalies should really be considered goal scorers for the other team.
Remove Ads.
Support Sporcle.
Get the best of Sporcle when you Go Orange. This ad-free experience offers more features, more stats, and more fun while also helping to support Sporcle. Thank you for becoming a member.

Show Comments

Extras

Top Quizzes Today


Score Distribution

Your Account Isn't Verified!

In order to create a playlist on Sporcle, you need to verify the email address you used during registration. Go to your Sporcle Settings to finish the process.

Report this User

Report this user for behavior that violates our Community Guidelines.

Details: